000
00193 a2200097 4500
001
29427
100
_a
Jansen
245
_a
Millitant Islam
260
_a
_b
Pan books
_c
090
_c
19639
_d
19639
942
_a
NUST-CAE
_c
M
_c
10712
999
_c
264500
_d
264500